000 01138nam0a22002891 4500
001 rc\711076
005 20031121170816.9
035 _a(NLR Aleph) 005946132
090 _a6730569
_c6730569
100 _a20031121d1985 u |0rusy50 ca
101 0 _arus
102 _aRU
105 _ay |||||||||
200 1 _aКрупномасштабные флуктуации в ограниченных плазменно-молекулярных системах
_fА.Г. Загородний, Ю.Л. Климонтович, И.П. Якименко
210 _aКиев
_cИТФ
_d1985
215 _a[1], 29 с.
_d20
225 1 _aПрепринт
_fАН УССР, Ин-т теорет. физики
_vИТФ-85-150Р
300 _aРез. на англ. яз.
320 _aБиблиогр.: с. 28-29
700 1 _aЗагородний
_bА. Г.
_gАнатолий Глебович
701 1 _aКлимонтович
_bЮ. Л.
_gЮрий Львович
701 1 _aЯкименко
_bИ. П.
_gИван Петрович
801 0 _aRU
_bNLR
_gpsbo
801 1 _aRU
_bELAR
_2rusmarc
852 _aNLR
_j87-4/12079
942 _cBOOK
980 _aNB